Normal view
MARC view
- Gray , Colin
Entry Personal Name
001 - CONTROL NUMBER
- control field: 133446
003 - CONTROL NUMBER IDENTIFIER
- control field: NUST
005 - DATE AND TIME OF LATEST TRANSACTION
- control field: 20260224135543.0
008 - FIXED-LENGTH DATA ELEMENTS
- fixed length control field: 260224|| aca||aabn | a|a d
040 ## - CATALOGING SOURCE
- Original cataloging agency: NUST
- Transcribing agency: NUST
100 ## - HEADING--PERSONAL NAME
- Personal name: Gray , Colin
670 ## - SOURCE DATA FOUND
- Source citation: Work cat.: (NUST): Gray , Colin., Building Design Management /, 2001.
